[Event "7. LGA Premium Cup"]
[Site "Nürnberg"]
[Date "2010.09.02"]
[Round "1.26"]
[White "Seidel, Michael"]
[Black "Fedorovsky, Michael"]
[Result "0-1"]
[WhiteElo "2058"]
[BlackElo "2411"]
[PlyCount "62"]
[EventDate "2010.??.??"]
[WhiteTeam "PTSV SK Hof 1892"]
[BlackTeam "SC Tarrasch 45 München"]

1. e4 c5 2. Nf3 d6 3. d4 cxd4 4. Nxd4 Nf6 5. Nc3 g6 6. Be2 Bg7 7. O-O Nc6 8.
Nb3 O-O 9. Be3 a6 10. a4 Na5 11. f4 Nxb3 12. cxb3 Qa5 13. Kh1 Be6 14. Bd4 Qb4
15. Ra3 Nxe4 16. Bxg7 Kxg7 17. Qd3 Nxc3 18. Qxc3+ Qxc3 19. bxc3 Rac8 20. c4 d5
21. Bf3 dxc4 22. bxc4 Bxc4 23. Re1 b5 24. axb5 axb5 25. Rxe7 Rfe8 26. Rxe8 Rxe8
27. Kg1 b4 28. Ra7 Rb8 29. Be4 b3 30. Kf2 b2 31. Bb1 Be6 0-1

[Event "7. LGA Premium Cup"]
[Site "Nürnberg"]
[Date "2010.09.02"]
[Round "1.27"]
[White "Zude, Erik"]
[Black "Schulz, Anja"]
[Result "1-0"]
[WhiteElo "2406"]
[BlackElo "2052"]
[PlyCount "55"]
[EventDate "2010.??.??"]
[WhiteTeam "SV 1920 Hofheim"]
[BlackTeam "Muldental Wilkau-Haßlau"]

1. d4 Nf6 2. c4 g6 3. Nc3 Bg7 4. e4 d6 5. Nf3 O-O 6. Be2 e5 7. Be3 Nc6 8. d5
Ne7 9. Nd2 Nd7 10. O-O f5 11. f3 h6 12. Rc1 b6 13. b4 a5 14. a3 Ba6 15. c5 Bxe2
16. Qxe2 fxe4 17. Ndxe4 Nf5 18. cxd6 Nxd6 19. Nxd6 cxd6 20. Nb5 Rf6 21. Nc7 Rc8
22. Ne6 Qe8 23. Rxc8 Qxc8 24. Rc1 Qe8 25. Qa6 Kh7 26. Rc8 Qf7 27. Qc4 Bh8 28.
Bxh6 1-0

[Event "7. LGA Premium Cup"]
[Site "Nürnberg"]
[Date "2010.09.02"]
[Round "1.28"]
[White "Hirn, Oskar"]
[Black "Neumann, Robert"]
[Result "1-0"]
[WhiteElo "2246"]
[BlackElo "1882"]
[PlyCount "63"]
[EventDate "2010.??.??"]
[WhiteTeam "SC Noris-Tarrasch Nürnberg 1873"]
[BlackTeam "SC Noris-Tarrasch Nürnberg 1873"]

1. d4 Nf6 2. g3 g6 3. Bg2 d5 4. Nf3 Bg7 5. O-O c5 6. dxc5 Qa5 7. Nc3 Qxc5 8.
Be3 Qa5 9. Nd4 e6 10. Nb3 Qd8 11. Bc5 Nbd7 12. Bd6 Bf8 13. Bxf8 Kxf8 14. e4 Nb6
15. Qd4 Rg8 16. Rad1 Bd7 17. exd5 exd5 18. Nxd5 Nbxd5 19. Bxd5 Qb6 20. Nc5 Bh3
21. Bxb7 Rb8 22. Bg2 Bxg2 23. Kxg2 Qxb2 24. c3 Qb6 25. Rfe1 Qc6+ 26. Kg1 Kg7
27. Qc4 Rgc8 28. Re7 Kh6 29. Qxf7 Qxc5 30. Qxf6 Rf8 31. Qg7+ Kg5 32. Re5+ 1-0

[Event "7. LGA Premium Cup"]
[Site "Nürnberg"]
[Date "2010.09.02"]
[Round "1.29"]
[White "Zikeli, Saskia"]
[Black "Eisenbeiser, Amadeus"]
[Result "0-1"]
[WhiteElo "2050"]
[BlackElo "2397"]
[PlyCount "36"]
[EventDate "2010.??.??"]
[WhiteTeam "SC Ingersheim e.V."]
[BlackTeam "BG Buchen"]

1. c4 e5 2. Nc3 Bb4 3. Nd5 a5 4. Nxb4 axb4 5. g3 d5 6. d4 dxc4 7. dxe5 Qxd1+ 8.
Kxd1 Nc6 9. Bf4 Nge7 10. e3 Be6 11. Ne2 h6 12. h4 O-O-O+ 13. Ke1 Ng6 14. Rd1
Ngxe5 15. Bxe5 Nxe5 16. Nd4 Bd5 17. Bh3+ Kb8 18. Rf1 c5 0-1

[Event "7. LGA Premium Cup"]
[Site "Nürnberg"]
[Date "2010.09.02"]
[Round "1.30"]
[White "Lechtynsky, Jiri"]
[Black "Frey, Alisa"]
[Result "1-0"]
[WhiteElo "2380"]
[BlackElo "2045"]
[PlyCount "69"]
[EventDate "2010.??.??"]
[WhiteTeam "SC Hoyerswerda"]
[BlackTeam "SC Eppingen"]

1. d4 Nf6 2. Nf3 g6 3. c4 d5 4. cxd5 Nxd5 5. e4 Nb6 6. h3 Bg7 7. Nc3 O-O 8. Be3
Nc6 9. Qd2 Na5 10. b3 Nc6 11. Rd1 Bd7 12. Bh6 Re8 13. Bxg7 Kxg7 14. d5 Nb8 15.
Be2 a5 16. h4 h5 17. Ne5 Rh8 18. Qd4 f6 19. Nc4 Nxc4 20. Bxc4 Be8 21. e5 Nd7
22. f4 Rf8 23. O-O Nb6 24. Ne4 Nd7 25. Rfe1 a4 26. exf6+ Nxf6 27. Nc5 Bd7 28.
Nxb7 Qe8 29. d6 cxd6 30. Nxd6 Qd8 31. Nb7 Qe8 32. Qc5 e6 33. Qe5 axb3 34. Bxb3
Ra6 35. Nc5 1-0

[Event "7. LGA Premium Cup"]
[Site "Nürnberg"]
[Date "2010.09.02"]
[Round "1.31"]
[White "Maurer, Christian"]
[Black "Espig, Lutz"]
[Result "0-1"]
[WhiteElo "1990"]
[BlackElo "2365"]
[PlyCount "86"]
[EventDate "2010.??.??"]
[WhiteTeam "SK Kelheim 1920"]
[BlackTeam "Schachklub König Plauen"]

1. d4 Nf6 2. c4 d6 3. Nc3 Nbd7 4. e4 e5 5. Nf3 Be7 6. Be2 O-O 7. O-O c6 8. Re1
a6 9. Bf1 Qc7 10. Be3 b5 11. a3 Ng4 12. Bg5 Bxg5 13. Nxg5 exd4 14. Qxg4 dxc3
15. bxc3 bxc4 16. Bxc4 Ne5 17. Qe2 h6 18. Nh3 Bg4 19. f3 Nxf3+ 20. gxf3 Bxh3
21. Kh1 Qa5 22. Rg1 Qxc3 23. Rad1 Qe5 24. Rg3 Be6 25. Rdg1 g6 26. Qg2 Qf6 27.
Bd3 Rfb8 28. e5 Qxe5 29. Bxg6 Kf8 30. Be4 d5 31. Bc2 Ke7 32. Qf2 Rb2 33. f4
Qe4+ 34. Bxe4 Rxf2 35. Bd3 Rxf4 36. Rc1 Kd6 37. Rg2 Rf3 38. Rd2 c5 39. Bf1 Rxa3
40. Rb1 d4 41. Bg2 Rc8 42. Rb6+ Ke5 43. Re2+ Re3 0-1

[Event "7. LGA Premium Cup"]
[Site "Nürnberg"]
[Date "2010.09.02"]
[Round "1.32"]
[White "Huss, Rolf"]
[Black "Anicic, Dragan"]
[Result "1/2-1/2"]
[WhiteElo "2153"]
[BlackElo "1468"]
[PlyCount "85"]
[EventDate "2010.??.??"]
[WhiteTeam "SC Fulda"]
[BlackTeam "SC Noris-Tarrasch Nürnberg 1873"]

1. d4 Nf6 2. c4 c6 3. Nc3 d5 4. Nf3 Bf5 5. Qb3 b6 6. Bf4 e6 7. e3 Be7 8. h3 h6
9. Ne5 Nfd7 10. cxd5 cxd5 11. Bb5 O-O 12. Bxd7 Nxd7 13. Nc6 Qe8 14. Nb5 Nf6 15.
Nxe7+ Qxe7 16. Bd6 Qd7 17. Bxf8 Rxf8 18. Rc1 a6 19. Nc3 Bd3 20. Nxd5 Qxd5 21.
Qxd3 Qxg2 22. Qf1 Qd5 23. Rg1 Qa5+ 24. Kd1 Ne4 25. Qe2 Qxa2 26. Qc2 Qd5 27. Rg4
Ng5 28. Qc6 Qb3+ 29. Ke2 Qxb2+ 30. Rc2 Qb3 31. Qc4 Qb1 32. h4 Nh7 33. Rc1 Qf5
34. Rcg1 g6 35. f3 b5 36. Qc7 Qd5 37. Rxg6+ Kh8 38. Qxf7 Qa2+ 39. Kd1 Qb1+ 40.
Kd2 Qb2+ 41. Kd3 Qb3+ 42. Kd2 Qb2+ 43. Kd3 1/2-1/2

[Event "7. LGA Premium Cup"]
[Site "Nürnberg"]
[Date "2010.09.02"]
[Round "1.33"]
[White "Donchenko, Anatoly"]
[Black "Wörl, Richard"]
[Result "1-0"]
[WhiteElo "2363"]
[BlackElo "2042"]
[PlyCount "121"]
[EventDate "2010.??.??"]
[WhiteTeam "SK 1858 Gießen"]
[BlackTeam "SW Nürnberg Süd e.V."]

1. d4 d5 2. Nf3 Bf5 3. c4 e6 4. Nc3 c6 5. Bg5 Be7 6. Bxe7 Qxe7 7. e3 Nd7 8. Bd3
Bxd3 9. Qxd3 Ngf6 10. O-O O-O 11. Rfd1 Rfd8 12. h3 Nb6 13. c5 Nbd7 14. b4 a6
15. Re1 a5 16. a3 e5 17. Nd2 Nh5 18. dxe5 Nxe5 19. Qd4 f5 20. Rab1 axb4 21.
axb4 Ra3 22. Ra1 Rda8 23. Rxa3 Rxa3 24. Ndb1 Ra8 25. Nd2 Ra3 26. Rb1 Qf6 27. f4
Nd7 28. Qxf6 Nhxf6 29. Rb3 Rxb3 30. Nxb3 b6 31. cxb6 Nxb6 32. Nd4 g6 33. Nxc6
Kf7 34. Kf2 Ne4+ 35. Nxe4 dxe4 36. g4 fxg4 37. hxg4 Ke6 38. g5 Nd5 39. b5 Kd6
40. Ne5 Kc5 41. Nd7+ Kxb5 42. Nf6 Kc6 43. Nxe4 Kd7 44. Kf3 Ke6 45. Nf2 Nc3 46.
Ng4 Kf7 47. e4 Nb5 48. Ke3 Kg7 49. Kd3 Na7 50. Kc4 Nc6 51. Kd5 Nb4+ 52. Kd6 Nd3
53. e5 Nxf4 54. e6 Nxe6 55. Kxe6 h5 56. gxh6+ Kg8 57. Kf6 Kh7 58. Kg5 Kh8 59.
Kxg6 Kg8 60. Ne5 Kh8 61. Nf7+ 1-0

[Event "7. LGA Premium Cup"]
[Site "Nürnberg"]
[Date "2010.09.02"]
[Round "1.34"]
[White "Hörmann, Gunther"]
[Black "Khanukov, Boris"]
[Result "1-0"]
[WhiteElo "2014"]
[BlackElo "2361"]
[PlyCount "73"]
[EventDate "2010.??.??"]
[WhiteTeam "TSV Cadolzburg e.V."]
[BlackTeam "Stift. Bahn-Sozialwerk Schachgr."]

1. d4 Nf6 2. Nf3 e6 3. Nbd2 d5 4. e3 c5 5. c3 Nc6 6. Bd3 Be7 7. O-O O-O 8. Qe2
Re8 9. dxc5 Bxc5 10. e4 dxe4 11. Nxe4 Nxe4 12. Qxe4 f5 13. Qe2 Bd7 14. Bf4 Qb6
15. b4 Bf8 16. Bc4 Nd8 17. a4 a5 18. b5 Nf7 19. Rad1 Rad8 20. Ne5 Nxe5 21. Qxe5
Rc8 22. Be3 Qd6 23. Rxd6 Bxd6 24. Qxf5 Kh8 25. Qh5 g6 26. Qg5 Rf8 27. Bd4+ Kg8
28. Re1 Rce8 29. Qe3 Rf5 30. Bd3 Rf7 31. Be5 Be7 32. c4 Ref8 33. c5 Bh4 34. g3
Be7 35. Rc1 Rf3 36. Qe2 Bg5 37. Rc2 1-0

[Event "7. LGA Premium Cup"]
[Site "Nürnberg"]
[Date "2010.09.02"]
[Round "1.35"]
[White "Troyke, Christian"]
[Black "Stein, Tobias"]
[Result "1-0"]
[WhiteElo "2359"]
[BlackElo "2036"]
[PlyCount "63"]
[EventDate "2010.??.??"]
[WhiteTeam "Erfurter Schachklub"]
[BlackTeam "SV Alsfeld"]

1. g3 g6 2. Bg2 d6 3. d4 Bg7 4. e4 Nd7 5. Ne2 c6 6. c4 Qc7 7. Nbc3 e5 8. d5 Ne7
9. O-O O-O 10. Bg5 f6 11. Be3 f5 12. c5 fxe4 13. dxc6 Nxc5 14. cxb7 Bxb7 15.
Nb5 Qc6 16. Nxd6 Ba6 17. Rc1 Bxe2 18. Qxe2 Qxd6 19. Bxc5 Qe6 20. Bxe4 Rad8 21.
Qc4 Qxc4 22. Rxc4 Rd7 23. Ra4 Rb8 24. b3 Nc8 25. Be3 Kf7 26. Rc1 Nb6 27. Ra6
Rc8 28. Rxc8 Nxc8 29. Bf3 h5 30. Be4 Bf6 31. h4 Kg7 32. Bg2 1-0

[Event "7. LGA Premium Cup"]
[Site "Nürnberg"]
[Date "2010.09.02"]
[Round "1.36"]
[White "Zwingel, Stephan"]
[Black "Köpke, Christian"]
[Result "0-1"]
[WhiteElo "2036"]
[BlackElo "2358"]
[PlyCount "74"]
[EventDate "2010.??.??"]
[WhiteTeam "SK Zirndorf e.V."]
[BlackTeam "SC Tarrasch 45 München"]

1. Nf3 Nf6 2. g3 g6 3. Bg2 Bg7 4. O-O O-O 5. d3 c5 6. e4 Nc6 7. Nbd2 d6 8. Re1
e5 9. Nf1 h6 10. Ne3 Be6 11. Bd2 Qd7 12. a3 Nh7 13. Nh4 Bh3 14. c3 Bxg2 15.
Nhxg2 f5 16. f4 Rae8 17. Qb3+ Rf7 18. exf5 gxf5 19. Rf1 e4 20. Nh4 Ne7 21. dxe4
fxe4 22. c4 Nc6 23. Bc3 Nd4 24. Qd1 b5 25. Qh5 bxc4 26. Rae1 Nf8 27. Ng4 d5 28.
f5 Nh7 29. Rf4 Qc6 30. Kg2 Ref8 31. Ng6 Re8 32. Nxh6+ Bxh6 33. Qxh6 Qf6 34.
Ref1 e3 35. Rg4 Rg7 36. Rff4 e2 37. Kf2 Nxf5 0-1

[Event "7. LGA Premium Cup"]
[Site "Nürnberg"]
[Date "2010.09.02"]
[Round "1.37"]
[White "Klundt, Klaus"]
[Black "Luther, Helmut"]
[Result "1-0"]
[WhiteElo "2355"]
[BlackElo "2020"]
[PlyCount "161"]
[EventDate "2010.??.??"]
[WhiteTeam "SC Heusenstamm"]
[BlackTeam "SW Nürnberg Süd e.V."]

1. e4 d5 2. exd5 Qxd5 3. Nc3 Qa5 4. d4 Nf6 5. Nf3 Bf5 6. Bc4 e6 7. Bd2 Bb4 8.
a3 Bxc3 9. Bxc3 Qb6 10. O-O O-O 11. Bb4 Re8 12. Bc5 Qc6 13. Ne5 Qe4 14. Bd3 Qf4
15. g3 Qh6 16. Bxf5 exf5 17. Qf3 Nc6 18. Qxf5 Nxe5 19. dxe5 Nd5 20. Rad1 Qc6
21. c4 Ne7 22. Bxe7 Rxe7 23. Qf4 Rae8 24. Rd5 h6 25. Rfd1 a6 26. h4 b5 27. cxb5
axb5 28. Rd8 Rxd8 29. Rxd8+ Re8 30. Rxe8+ Qxe8 31. Qe4 Qe6 32. Kg2 c5 33. h5
Qb3 34. Qc6 Qc4 35. b3 Qxb3 36. Qxc5 Qd3 37. g4 Qe4+ 38. Kg3 Qd3+ 39. Kf4 Qd2+
40. Qe3 Qc2 41. Kg3 Qd1 42. Qc5 Qd3+ 43. f3 Qe2 44. Qc3 Qa2 45. Kf4 Qe2 46. Kf5
Qa2 47. Ke4 Qe6 48. Qc5 Qb3 49. Kf4 Qb2 50. Kg3 Qb3 51. Qb4 Qd3 52. Qc5 Qb3 53.
Kf4 Qb2 54. Qc8+ Kh7 55. Qf5+ Kg8 56. Qd3 b4 57. axb4 Qxb4+ 58. Kf5 Qb6 59. Qc4
g6+ 60. hxg6 Qxg6+ 61. Kf4 Qg5+ 62. Ke4 Qg6+ 63. Kd4 Qb6+ 64. Qc5 Qb2+ 65. Ke3
Qb3+ 66. Kf4 Qd3 67. Qe3 Qc4+ 68. Kg3 Qe6 69. Qf4 Qb6 70. Qd2 Kg7 71. Qc3 Qg1+
72. Kf4 Qh2+ 73. Kf5 Kg8 74. Qc8+ Kg7 75. Qc6 Qd2 76. Qf6+ Kg8 77. Qd6 Qc2+ 78.
Kf6 Qg6+ 79. Ke7 Qg7 80. Ke8 Kh7 81. Qf6 1-0

[Event "7. LGA Premium Cup"]
[Site "Nürnberg"]
[Date "2010.09.02"]
[Round "1.38"]
[White "Renner, Gabriele"]
[Black "Grimberg, Boris"]
[Result "0-1"]
[WhiteElo "2008"]
[BlackElo "2355"]
[PlyCount "64"]
[EventDate "2010.??.??"]
[WhiteTeam "FC Bayern München e.V."]
[BlackTeam "SAbt TSV Haunstetten"]

1. e4 g6 2. d4 Bg7 3. Nc3 d6 4. Be3 a6 5. Bc4 b5 6. Bb3 Bb7 7. a3 Nd7 8. Nge2
Ngf6 9. f3 Rc8 10. O-O c5 11. Qd2 O-O 12. Rad1 cxd4 13. Bxd4 Qc7 14. Kh1 Nb6
15. Na2 Nc4 16. Qd3 e5 17. Bc3 d5 18. exd5 Nxd5 19. Bxc4 bxc4 20. Qd2 Qb6 21.
Ng3 Nxc3 22. Nxc3 Rcd8 23. Qc1 f5 24. Na4 Qc6 25. Nc3 h5 26. Qg5 Qf6 27. Qc1 h4
28. Nge2 h3 29. g3 g5 30. b3 g4 31. Ng1 e4 32. Nce2 exf3 0-1

[Event "7. LGA Premium Cup"]
[Site "Nürnberg"]
[Date "2010.09.02"]
[Round "1.39"]
[White "Zwahr, Paul"]
[Black "Adler, Herbert"]
[Result "1-0"]
[WhiteElo "2348"]
[BlackElo "2006"]
[PlyCount "67"]
[EventDate "2010.??.??"]
[WhiteTeam "SG Grün-Weiß Dresden"]
[BlackTeam "SG Büchenbach/Roth e.V."]

1. e4 e6 2. d4 d5 3. Nc3 Bb4 4. e5 c5 5. a3 Ba5 6. b4 cxb4 7. Nb5 Nc6 8. Nd6+
Kf8 9. Nf3 f6 10. Qd2 Nh6 11. Bd3 Nf7 12. Nxf7 Kxf7 13. O-O Bc7 14. Qf4 h6 15.
Re1 g5 16. Qg4 h5 17. Qg3 Qg8 18. Bb2 Bd7 19. h4 g4 20. Nd2 fxe5 21. dxe5 Bb6
22. axb4 Ke8 23. b5 Nd4 24. c4 Qf7 25. cxd5 exd5 26. e6 Bxe6 27. Qe5 Qxf2+ 28.
Kxf2 Nc6+ 29. Qe3 Rf8+ 30. Kg1 Bxe3+ 31. Rxe3 Nd8 32. Nb3 b6 33. Nd4 Kd7 34.
Rae1 1-0

[Event "7. LGA Premium Cup"]
[Site "Nürnberg"]
[Date "2010.09.02"]
[Round "1.40"]
[White "Werner, Thomas"]
[Black "Levushkina, Elena"]
[Result "0-1"]
[WhiteElo "2004"]
[BlackElo "2346"]
[PlyCount "86"]
[EventDate "2010.??.??"]
[WhiteTeam "SW Nürnberg Süd e.V."]
[BlackTeam "SC Tarrasch 45 München"]

1. d4 d5 2. c4 dxc4 3. Nf3 Nf6 4. e3 e6 5. Bxc4 c5 6. O-O a6 7. dxc5 Bxc5 8.
Qxd8+ Kxd8 9. a3 Ke7 10. b4 Bd6 11. Bb2 Nbd7 12. Nbd2 b5 13. Be2 Bb7 14. Rac1
Rac8 15. Nd4 Nb6 16. N4b3 Rhd8 17. Bd4 Nfd7 18. e4 e5 19. Be3 Na4 20. Rxc8 Rxc8
21. Rc1 Rxc1+ 22. Nxc1 g6 23. Bd3 Ke6 24. g4 Nc3 25. f3 f6 26. Bc2 {(=)} Bc8
27. Kf2 Ke7 28. Ndb3 Na4 29. Na5 Bc7 30. Ke2 Ndb6 31. Nd3 f5 32. Bg5+ Ke8 33.
gxf5 gxf5 34. Bb3 Nc3+ 35. Ke3 fxe4 36. fxe4 Nb1 37. Nc6 Nd7 38. a4 Bb6+ 39.
Ke2 bxa4 40. Be6 Nc3+ 41. Kf3 Bb7 42. Bxd7+ Kxd7 43. Ncxe5+ Ke6 0-1

[Event "7. LGA Premium Cup"]
[Site "Nürnberg"]
[Date "2010.09.02"]
[Round "1.41"]
[White "Pribyl, Josef"]
[Black "Nöckler, Alexander"]
[Result "1/2-1/2"]
[WhiteElo "2342"]
[BlackElo "2003"]
[PlyCount "122"]
[EventDate "2010.??.??"]
[WhiteTeam "Schachhaus Ludwigshafen"]
[BlackTeam "Schachklub Weiden 1907"]

1. c4 e6 2. Nf3 d5 3. b3 Nf6 4. Bb2 Be7 5. g3 O-O 6. Bg2 c6 7. O-O Nbd7 8. Qc2
Qc7 9. d3 b6 10. Nbd2 Bb7 11. e4 dxe4 12. dxe4 Rfd8 13. e5 Ng4 14. Rfe1 Nc5 15.
h3 Nh6 16. Nd4 Nf5 17. N2f3 Nxd4 18. Nxd4 a5 19. Rad1 a4 20. b4 a3 21. Ba1 Nd7
22. b5 cxb5 23. Bxb7 Qxb7 24. cxb5 Bc5 25. Nc6 Re8 26. Qe4 Kh8 27. Nd8 Qxe4 28.
Nxf7+ Kg8 29. Rxe4 Kxf7 30. Rxd7+ Re7 31. Rd3 Ra5 32. Rb3 Rd7 33. Bc3 Ra8 34.
Kf1 Rd1+ 35. Ke2 Rad8 36. Rf4+ Kg8 37. Bb4 Bxb4 38. Rfxb4 R1d2+ 39. Ke3 Rxa2
40. Ra4 Rdd2 41. f4 Re2+ 42. Kf3 h5 43. Raxa3 Rxa3 44. Rxa3 Rb2 45. Ra8+ Kf7
46. Ra7+ Kf8 47. f5 Rxb5 48. Kf4 Rb4+ 49. Kg5 Re4 50. f6 Rxe5+ 51. Kg6 gxf6 52.
Kxf6 Rf5+ 53. Kxe6 Rf3 54. Rh7 Rxg3 55. Rxh5 Kg7 56. h4 Rb3 57. Rd5 b5 58. Kf5
b4 59. Rd7+ Kh6 60. Rb7 Rb1 61. Ke4 Rh1 1/2-1/2

[Event "7. LGA Premium Cup"]
[Site "Nürnberg"]
[Date "2010.09.02"]
[Round "1.42"]
[White "Uhlmann, David"]
[Black "Seifert, Volker"]
[Result "1/2-1/2"]
[WhiteElo "1997"]
[BlackElo "2332"]
[PlyCount "30"]
[EventDate "2010.??.??"]
[WhiteTeam "SC 1911 Großröhrsdorf"]
[BlackTeam "USV TU Dresden"]

1. d4 e6 2. c4 Nf6 3. Nc3 Bb4 4. e3 c5 5. Bd3 O-O 6. Nge2 d5 7. cxd5 exd5 8.
O-O b6 9. Bd2 Bb7 10. Rc1 Nbd7 11. a3 Bxc3 12. Bxc3 Ne4 13. Bxe4 dxe4 14. Ng3
Qg5 15. Qh5 Qxh5 1/2-1/2

[Event "7. LGA Premium Cup"]
[Site "Nürnberg"]
[Date "2010.09.02"]
[Round "1.43"]
[White "Unzicker, Ferdinand"]
[Black "Süß, Stefan"]
[Result "1-0"]
[WhiteElo "2330"]
[BlackElo "1992"]
[PlyCount "71"]
[EventDate "2010.??.??"]
[WhiteTeam "FC Bayern München e.V."]
[BlackTeam "SC Noris-Tarrasch Nürnberg 1873"]

1. c4 c5 2. Nf3 Nf6 3. g3 b6 4. Bg2 Bb7 5. O-O e6 6. Nc3 a6 7. d4 cxd4 8. Qxd4
Nc6 9. Qf4 Be7 10. Rd1 d6 11. b3 Qc7 12. Ba3 Rd8 13. Rac1 Qb8 14. Rc2 O-O 15.
Rcd2 e5 16. Qe3 Ba8 17. Nd5 Nxd5 18. cxd5 Na7 19. Nxe5 Rfe8 20. Nc6 Bxc6 21.
dxc6 Bf8 22. Qf4 Re6 23. Bd5 Rf6 24. Qg4 Qc7 25. Bb2 Rg6 26. Qf3 Qe7 27. Rc2
Nb5 28. e4 Nc7 29. Bd4 b5 30. Rdc1 Ne6 31. Bb6 Rc8 32. c7 Rf6 33. Qe3 Nc5 34.
b4 Nd7 35. Bb7 Nxb6 36. Qxb6 1-0

[Event "7. LGA Premium Cup"]
[Site "Nürnberg"]
[Date "2010.09.02"]
[Round "1.44"]
[White "Knapp, Michael"]
[Black "Kersten, Uwe"]
[Result "0-1"]
[WhiteElo "1989"]
[BlackElo "2325"]
[PlyCount "84"]
[EventDate "2010.??.??"]
[WhiteTeam "SV Mendig-Mayen e.V."]
[BlackTeam "Kasseler SK 1876"]

1. d4 Nf6 2. c4 c5 3. d5 b5 4. cxb5 a6 5. bxa6 g6 6. g3 Bg7 7. Bg2 d6 8. Nf3
Bxa6 9. O-O Nbd7 10. Nc3 Nb6 11. Re1 O-O 12. e4 Nfd7 13. Qc2 Nc4 14. Bf4 Qa5
15. Rac1 Rfb8 16. b3 Nce5 17. Nxe5 Nxe5 18. Red1 Ra7 19. Bf1 Bxf1 20. Kxf1 Nd7
21. a4 Bxc3 22. Qxc3 Qxc3 23. Rxc3 Rb4 24. f3 Rab7 25. Ra1 f5 26. exf5 gxf5 27.
Re1 Nf6 28. Rd3 Kf7 29. Bg5 Rxb3 30. Rxb3 Rxb3 31. Bxf6 Kxf6 32. Ra1 Rxf3+ 33.
Ke2 Rb3 34. a5 Ke5 35. a6 Rb8 36. Kf3 Kxd5 37. Kf4 e6 38. Kg5 c4 39. Kf6 Ra8
40. Ra5+ Ke4 41. Kxe6 d5 42. Kd6 d4 0-1

[Event "7. LGA Premium Cup"]
[Site "Nürnberg"]
[Date "2010.09.02"]
[Round "1.45"]
[White "Heinzel, Olaf"]
[Black "Süß, Helmut"]
[Result "1-0"]
[WhiteElo "2324"]
[BlackElo "1989"]
[PlyCount "69"]
[EventDate "2010.??.??"]
[WhiteTeam "Schachclub Hansa Dortmund e.V."]
[BlackTeam "SC Noris-Tarrasch Nürnberg 1873"]

1. d4 d6 2. Bf4 Nf6 3. h3 g6 4. Nf3 Bg7 5. e3 O-O 6. Be2 b6 7. O-O Bb7 8. a4 a5
9. Na3 Na6 10. c3 c5 11. Qb3 Rb8 12. Rad1 cxd4 13. exd4 Nc7 14. Rfe1 Ne6 15.
Bh2 Bh6 16. c4 Bf4 17. Bxf4 Nxf4 18. Bf1 Ne6 19. d5 Ng7 20. Nd4 Rc8 21. Nab5
Nd7 22. Na7 Nc5 23. Qe3 Rc7 24. Nab5 Rd7 25. Nc6 Nf5 26. Qe2 Qa8 27. g4 Nh4 28.
Nxe7+ Rxe7 29. Qxe7 Nf3+ 30. Kh1 Nxe1 31. Rxe1 Nxa4 32. Nxd6 Ba6 33. Ne4 Qd8
34. Nf6+ Kg7 35. Ne8+ 1-0

[Event "7. LGA Premium Cup"]
[Site "Nürnberg"]
[Date "2010.09.02"]
[Round "1.46"]
[White "Hartmann, Thomas"]
[Black "Schramm, Christian"]
[Result "0-1"]
[WhiteElo "1986"]
[BlackElo "2322"]
[PlyCount "58"]
[EventDate "2010.??.??"]
[WhiteTeam "SC Weisse Dame Ulm e.V."]
[BlackTeam "SC 1959 Obernau"]

1. d4 g6 2. c4 Bg7 3. Nc3 d6 4. e4 Nd7 5. Bg5 h6 6. Be3 e5 7. d5 h5 8. Bd3 Bh6
9. Qd2 a5 10. Nge2 Bxe3 11. Qxe3 h4 12. O-O-O Ngf6 13. f3 Nc5 14. Bc2 a4 15. g3
Nfd7 16. f4 Nb6 17. Bd3 Qe7 18. Nb5 c6 19. Nxd6+ Qxd6 20. fxe5 Nxd3+ 21. Rxd3
Qb4 22. dxc6 bxc6 23. Nf4 hxg3 24. h4 g2 25. Rhd1 Bg4 26. e6 Bxd1 27. exf7+
Kxf7 28. Nxg6 Qxb2+ 29. Kxb2 Nxc4+ 0-1

[Event "7. LGA Premium Cup"]
[Site "Nürnberg"]
[Date "2010.09.02"]
[Round "1.47"]
[White "Jahnel, Günther"]
[Black "Schlötterer, Hermann"]
[Result "1-0"]
[WhiteElo "2320"]
[BlackElo "1980"]
[PlyCount "67"]
[EventDate "2010.??.??"]
[WhiteTeam "SC Hoyerswerda"]
[BlackTeam "SC Noris-Tarrasch Nürnberg 1873"]

1. d4 Nf6 2. c4 c5 3. d5 b5 4. cxb5 a6 5. b6 g6 6. Nc3 Bg7 7. Nf3 Bb7 8. e4 d6
9. a4 Qxb6 10. a5 Qc7 11. Bc4 Nbd7 12. h3 O-O 13. O-O Rae8 14. Re1 h6 15. Qe2
e5 16. dxe6 fxe6 17. Bxa6 Nh5 18. Bxb7 Rxf3 19. a6 Rxc3 20. bxc3 Bxc3 21. Bxh6
Ne5 22. Qb5 Qf7 23. a7 Kh7 24. Be3 Ng3 25. f4 Bxe1 26. Rxe1 Nd3 27. Ra1 Ne2+
28. Kh2 Ndxf4 29. Qxe8 Qxe8 30. a8=Q Qf7 31. Bc6 Kh6 32. Qh8+ Kg5 33. g3 d5 34.
Qh4# 1-0

[Event "7. LGA Premium Cup"]
[Site "Nürnberg"]
[Date "2010.09.02"]
[Round "1.48"]
[White "Zeitler, Hans-Jürgen"]
[Black "Heidrich, Manfred"]
[Result "0-1"]
[WhiteElo "1970"]
[BlackElo "2316"]
[PlyCount "98"]
[EventDate "2010.??.??"]
[WhiteTeam "SC Waischenfeld"]
[BlackTeam "SC Forchheim e.V."]

1. d4 f5 2. c4 Nf6 3. Nf3 g6 4. g3 Bg7 5. Bg2 d6 6. O-O O-O 7. Nc3 Nc6 8. d5
Ne5 9. Nxe5 dxe5 10. e4 e6 11. Bg5 h6 12. Bxf6 Bxf6 13. Qb3 Qe7 14. dxe6 c6 15.
exf5 gxf5 16. Qc2 Bxe6 17. b3 Rad8 18. Rad1 Bg7 19. f3 Qc5+ 20. Kh1 b5 21. cxb5
cxb5 22. Rc1 Rc8 23. Qb1 a6 24. Ne4 Qb6 25. Nf2 Rxc1 26. Qxc1 Rc8 27. Qd2 Rd8
28. Qe2 Qc5 29. h4 Bf6 30. Kh2 Kf7 31. Re1 Qc3 32. Rd1 Rxd1 33. Nxd1 Qd4 34.
Qc2 Be7 35. Qe2 f4 36. g4 Bxh4 37. Nb2 Bg3+ 38. Kh1 Bf2 39. Nd3 Be3 40. Qf1 Kg7
41. Qe2 Qc3 42. Bf1 Bf7 43. Qb2 Qxb2 44. Nxb2 Bd5 45. Be2 e4 46. Kg2 Kf6 47.
Nd1 Bd4 48. fxe4 Bxe4+ 49. Bf3 Ke5 0-1

[Event "7. LGA Premium Cup"]
[Site "Nürnberg"]
[Date "2010.09.02"]
[Round "1.49"]
[White "Rotstein, Jefim"]
[Black "Lais, Thomas"]
[Result "1-0"]
[WhiteElo "2310"]
[BlackElo "1916"]
[PlyCount "97"]
[EventDate "2010.??.??"]
[WhiteTeam "Ford-Schachfreunde Köln e.V."]
[BlackTeam "SW Nürnberg Süd e.V."]

1. d4 Nf6 2. Nf3 g6 3. g3 Bg7 4. Bg2 d5 5. O-O O-O 6. c4 c6 7. cxd5 Nxd5 8. e4
Nb6 9. h3 Na6 10. Nc3 c5 11. d5 e6 12. Bg5 Qd7 13. Qb3 c4 14. Qa3 Re8 15. Rad1
e5 16. Rd2 f6 17. Be3 Bf8 18. d6 Qc6 19. Rfd1 Be6 20. Qa5 Rad8 21. Nb5 Nc8 22.
Bxa7 Bd7 23. a4 Nxa7 24. Nxa7 Qxa4 25. Qxa4 Bxa4 26. Ra1 Nc5 27. Bf1 b5 28. Rd5
Nb3 29. Rxa4 bxa4 30. Bxc4 Kh8 31. Bb5 Re6 32. Bxa4 Nd4 33. Nxd4 exd4 34. d7
Rd6 35. Rxd6 Bxd6 36. Kf1 Bc5 37. Nc8 Kg7 38. Ke2 f5 39. e5 d3+ 40. Kxd3 Bxf2
41. g4 fxg4 42. hxg4 Bh4 43. Ke4 Rf8 44. e6 Rf2 45. Kd5 Rd2+ 46. Kc6 Kf8 47. b4
Rd4 48. Kc7 Bg3+ 49. Kd8 1-0

[Event "7. LGA Premium Cup"]
[Site "Nürnberg"]
[Date "2010.09.02"]
[Round "1.50"]
[White "Eber, Fabian"]
[Black "Wagner, Florian"]
[Result "0-1"]
[WhiteElo "1942"]
[BlackElo "2306"]
[PlyCount "124"]
[EventDate "2010.??.??"]
[WhiteTeam "SF Wilhermsdorf e.V."]
[BlackTeam "SC Noris-Tarrasch Nürnberg 1873"]

1. e4 c5 2. Nf3 Nc6 3. Bb5 e6 4. O-O Nge7 5. c3 a6 6. Bxc6 Nxc6 7. d4 d5 8.
exd5 Qxd5 9. dxc5 Qxd1 10. Rxd1 Bxc5 11. Nbd2 O-O 12. Ne4 Be7 13. Bf4 f6 14.
Nd6 e5 15. Nxc8 Raxc8 16. Be3 Nb8 17. Rd5 Rfd8 18. Rad1 Rxd5 19. Rxd5 Kf7 20.
Kf1 Ke6 21. Rd1 b5 22. Nd2 f5 23. f3 h5 24. g3 g5 25. h3 Nd7 26. Rc1 Nc5 27.
Bxc5 Bxc5 28. Ke2 Rh8 29. c4 Bd4 30. cxb5 axb5 31. Rc6+ Kd5 32. Rg6 g4 33. fxg4
hxg4 34. hxg4 Rh2+ 35. Kd1 Bxb2 36. gxf5 e4 37. Re6 Be5 38. g4 Rg2 39. Nf1 Kd4
40. Re8 Bf6 41. Re6 Bg5 42. Rd6+ Kc5 43. Rg6 Rxg4 44. f6 Kd6 45. f7+ Ke7 46.
Rb6 Rg1 47. Ke2 Rg2+ 48. Kd1 e3 49. Nxe3 Bxe3 50. Rxb5 Kxf7 51. a4 Rd2+ 52. Ke1
Ra2 53. Re5 Bh6 54. Re4 Kf6 55. Rc4 Ke5 56. Kf1 Be3 57. Rh4 Bf4 58. Rh3 Ke4 59.
Rb3 Be3 60. Rb8 Rxa4 61. Kg2 Ra2+ 62. Kg3 Bf4+ 0-1